=LDR 00000nam 2200000 4500 =001 INLIS000000000013495 =005 20130612104859 =008 ***********************************Ind** =035 ##$$0010-061300000013495 =041 ##$$a Ind =082 ##$$a 602.02 =090 ##$$a 602.02, Sut b =100 ##$$a Sutrisno, Eddy =245 ##$$a Buku pinter 100 idipasi terbesar yang mempegaruhi kehidupan manusia, Eddy Sutrisno =260 ##$$a 2002 $b Jakarta =300 ##$$a 109 hlm, Ilus, 21 cm =650 ##$$a Teknologi - Buku Pintar =850 ##$$a NBPNMAT